Meditaciones espirituales del V. P. Luis de la Puente de la Compañía de Jesús

Detalles Bibliográficos
Autor principal: Puente, Luis de la, S. J., 1554-1624
Formato: Libro
Lenguaje:Spanish
Publicado: Barcelona : Librería Religiosa, 1893.
Edición:Edicion nuevamente corregida
Materias:
Colección:Banco de datos
Acervo:Monasterio de Santa Catalina de Siena de la Orden de Santo Domingo de Morelia. Michoacán
Descripción Física:4 t. ; 4°
Tema general:Ascética
Notas:Colofón: Barcelona: imprenta de la Librería Religiosa. Portada con escudo de la imprenta en grabado litográfico. Encuadernación en keratol sobre cartón
LEADER 00967nam a22001930004500
035 |a 674 
041 0 |a spa 
100 1 |a Puente, Luis de la, S. J., 1554-1624 
245 1 0 |a Meditaciones espirituales del V. P. Luis de la Puente de la Compañía de Jesús 
250 |a Edicion nuevamente corregida 
260 |a Barcelona : Librería Religiosa, 1893. 
300 |a 4 t. ; 4° 
500 |a Colofón: Barcelona: imprenta de la Librería Religiosa. Portada con escudo de la imprenta en grabado litográfico. Encuadernación en keratol sobre cartón 
505 0 0 |a  t. 3 Meditaciones de la vía unitiva, para adquirir la última perfeccion de las virtudes y la union del alma con Dios 
650 1 0 |a Ascética 
949 |a Monasterio de Santa Catalina de Siena y Santa Ana del Convento de Dominicas de Morelia, Michoacán: t. 3 (994) 
942 |c DOMMOR 
943 |g Monasterio de Santa Catalina de Siena de la Orden de Santo Domingo de Morelia. Michoacán 
999 |c 1104730  |d 1104730